Быль и мифы Невы (Запись № 859910)

Подробности
000 -МАРКЕР
контрольное поле 01812nam0a2200373 4500
001 - ИДЕНТИФИКАТОР ЗАПИСИ
контрольное поле RU\NLR\bibl\77963
005 - ИДЕНТИФИКАТОР ВЕРСИИ
контрольное поле 20250615175350.0
010 ## - МЕЖДУНАРОДНЫЙ СТАНДАРТНЫЙ НОМЕР КНИГИ (ISBN)
Номер (ISBN) 5-89059-019-7
Тираж 2000
021 ## - НОМЕР ГОСУДАРСТВЕННОЙ РЕГИСТРАЦИИ
Код страны Российская Федерация
Номер 2000-107и
Номер Листа государственной регистраци
035 ## - ДРУГИЕ СИСТЕМНЫЕ НОМЕРА
Идентификатор записи (NLR Aleph) 001340866
100 ## - ДАННЫЕ ОБЩЕЙ ОБРАБОТКИ
Данные общей обработки 20000331d1999 |||y0rusy50 ca
101 0# - ЯЗЫК РЕСУРСА
Язык текста, звукозаписи и т.д. русский
102 ## - СТРАНА ПУБЛИКАЦИИ ИЛИ ПРОИЗВОДСТВА
Страна публикации Российская Федерация
105 ## - ПОЛЕ КОДИРОВАННЫХ ДАННЫХ: ТЕКСТОВЫЕ МАТЕРИАЛЫ, МОНОГРАФИЧЕСКИЕ
Кодированные данные о монографическом текстовом документе a |||||||||
200 1# - ЗАГЛАВИЕ И СВЕДЕНИЯ ОБ ОТВЕТСТВЕННОСТИ
Основное заглавие Быль и мифы Невы
Сведения, относящиеся к заглавию Фот.
-- [Стихи из]: А.С. Пушкин. Медный всадник
-- [Альбом]
Первые сведения об ответственности А.С. Чежин
Последующие сведения об ответственности [Вступ. ст. А.М. Конечного]
210 ## - ПУБЛИКАЦИЯ, РАСПРОСТРАНЕНИЕ И ДР.
Место издания, распространения и т.д. СПб.
Имя издателя, распространителя и т. д. Изд-во Ивана Лимбаха
Дата издания, распространения и т.д. 1999
215 ## - ФИЗИЧЕСКАЯ ХАРАКТЕРИСТИКА
Специфическое обозначение материала и объем 79 с.
Другие сведения о физической характеристике ил.
Размеры 32
600 #1 - ИМЯ ЛИЦА КАК ПРЕДМЕТ
Начальный элемент ввода Чежин
Часть имени, кроме начального элемента ввода А.С.
Даты 1960
Расширение инициалов личного имени Андрей Сергеевич
Системный номер авторитетной/нормативной записи 2159499
Идентификатор авторитетной/нормативной записи RU\NLR\auth\661299729
604 ## - ИМЯ И ЗАГЛАВИЕ КАК ПРЕДМЕТ
Связываемые данные 700#1$aПушкин$bА. С.$f1799-1837$gАлександр Сергеевич$4070
-- 50010$aМедный всадник$2psbo
Имя лица Пушкин, Александр Сергеевич (1799-1837)
Заглавие Медный всадник
604 ## - ИМЯ И ЗАГЛАВИЕ КАК ПРЕДМЕТ
Связываемые данные 700#1$aПушкин$bА. С.$gАлександр Сергеевич$f1799 - 1837
-- 5011#$a"Медный всадник"$xИллюстрации$2nlr_sh1$2nlr_sh2$3RU\NLR\AUTH\66544466
Идентификатор авторитетной/нормативной записи RU\NLR\AUTH\66544466
Имя лица Пушкин, Александр Сергеевич (1799 - 1837)
Заглавие "Медный всадник"
Тематический подзаголовок Иллюстрации
Системный номер авторитетной/нормативной записи 1312391
686 ## - ИНДЕКСЫ ДРУГИХ КЛАССИФИКАЦИЙ
Индекс Ш5(2=Р)51-4Пушкин535
686 ## - ИНДЕКСЫ ДРУГИХ КЛАССИФИКАЦИЙ
Индекс Ш6(2=Р)51-5
686 ## - ИНДЕКСЫ ДРУГИХ КЛАССИФИКАЦИЙ
Индекс Щ163(2Р=Рус)7-8Чежин
700 #1 - ИМЯ ЛИЦА - ПЕРВИЧНАЯ ОТВЕТСТВЕННОСТЬ
Начальный элемент ввода Чежин
Часть имени, кроме начального элемента ввода А. С.
Расширение инициалов личного имени Андрей С.
Код отношения Автор
801 #0 - ИСТОЧНИК ЗАПИСИ
Страна Российская Федерация
Организация NLR
Дата составления 20000331
Правила каталогизации PSBO
801 #1 - ИСТОЧНИК ЗАПИСИ
Страна Российская Федерация
Организация NLR
Дата составления 20000331
852 ## - МЕСТОНАХОЖДЕНИЕ И ШИФР ХРАНЕНИЯ
Идентификатор организации NLR
Наименование фонда или коллекции (Sub-Location Identifier) Э
Шифр хранения (Call Number) АлТ63/2-Л452
942 ## - ДОПОЛНИТЕЛЬНЫЕ ЭЛЕМЕНТЫ ЗАПИСИ (АБИС)
Тип экземпляра АБИС Книга
980 ## - КОЛЛЕКЦИЯ
Название коллекции Национальная библиография
Экземпляры
Тип экземпляра Дата поступления Источник поступления Библиотека постоянного хранения Библиотека текущего хранения Место хранения Шифр хранения Штрих-код Статус экземпляра Стоимость Публичное примечание
Книга 31.03.2000 Обязательный экземпляр РНБ (Садовая) РНБ (Садовая) Фонд эстампов и фотографий (изоизданий) Э АлТ63/2-Л452 18976      
Книга 31.03.2000 Обязательный экземпляр РНБ (Садовая) РНБ (Садовая) Фонд эстампов и фотографий (изоизданий) Э АлТ63/2-Л452 18978      
Книга 27.12.2017 Покупка РНБ (Садовая) РНБ (Садовая) Фонд международного книгообмена   1-2098504   300.00 8/19